[Event "Bad Woerishofen Sen"]
[Site "Bad Woerishofen"]
[Date "2001.??.??"]
[Round "3"]
[White "Barlo, Werner"]
[Black "Ziltener, Werner"]
[Result "0-1"]
[WhiteElo "1703"]
[BlackElo "2049"]
[Annotator "ChessOrg"]
[PlyCount "83"]
[EventDate "1998.03.05"]
[Source "ChessBase"]
[SourceDate "1998.04.29"]

1. e4 e5 2. c4 Nf6 3. Nc3 Bc5 4. Nf3 Ng4 5. d4 exd4 6. Nxd4 d6 7. Be3 Nxe3 8.
fxe3 Qg5 9. Qd2 Nc6 10. O-O-O Bg4 11. h4 Qh6 12. Be2 Bxe2 13. Ncxe2 Ne5 14. b3
a5 15. Nf5 Qf6 16. Kb1 a4 17. Nfd4 axb3 18. axb3 O-O 19. Kb2 Ra3 20. Ra1 Rfa8
21. Rxa3 Bxa3+ 22. Kb1 c5 23. Nb5 Ng4 24. Nec3 Bb4 25. Qd3 Nf2 26. Qxd6 Qxd6
27. Nxd6 Nxh1 28. Nd5 Nf2 29. Nxb4 cxb4 30. e5 Nd3 31. Nxb7 Nxe5 32. Nc5 Rd8
33. Kc2 Ng4 34. Na6 Nxe3+ 35. Kc1 Rd1+ 36. Kb2 Rd2+ 37. Kc1 Rc2+ 38. Kb1 Rc3
39. Ka2 Nc2 40. Kb2 Nd4 41. Nc5 Rc2+ 42. Kb1 0-1

[Event "Bad Woerishofen Sen"]
[Site "Bad Woerishofen"]
[Date "2001.??.??"]
[Round "5"]
[White "Barlo, Werner"]
[Black "Kraemer, Marianne"]
[Result "1/2-1/2"]
[WhiteElo "1703"]
[BlackElo "1500"]
[Annotator "ChessOrg"]
[PlyCount "108"]
[EventDate "1998.03.05"]
[Source "ChessBase"]
[SourceDate "1998.04.29"]

1. c4 e6 2. e4 Ne7 3. Nc3 Ng6 4. d4 d6 5. Nf3 Be7 6. Bd3 Nd7 7. Be3 c6 8. O-O
O-O 9. Qd2 h6 10. Rad1 b6 11. Bc2 Bb7 12. d5 Nde5 13. Nxe5 Nxe5 14. b3 c5 15.
h3 Nd7 16. f4 e5 17. Rf3 a6 18. Rg3 Bh4 19. Rf3 Bf6 20. f5 Bg5 21. Rg3 Bxe3+
22. Qxe3 Qf6 23. Rf1 b5 24. Bd3 bxc4 25. bxc4 Rfb8 26. Rb1 Bc8 27. Rxb8 Rxb8
28. Qd2 Kh7 29. Rf3 Qd8 30. Rf1 Qa5 31. Qc2 Nb6 32. Rb1 Rb7 33. Kf2 Bd7 34. Ke2
Bc8 35. Rb2 Nd7 36. Rxb7 Bxb7 37. Qb3 Qb6 38. Bc2 Qxb3 39. Bxb3 Nf6 40. g4 Nd7
41. Ba4 Nb6 42. Bb3 Nd7 43. a4 Nb8 44. a5 Kg8 45. Na4 Kf8 46. Nb6 Ke7 47. Ba4
Kd8 48. h4 f6 49. Kd3 Ke7 50. Kc3 Kd8 51. h5 Kc7 52. Kb3 Kd8 53. Ka3 Kc7 54.
Be8 Kd8 1/2-1/2

[Event "Bad Woerishofen Sen"]
[Site "Bad Woerishofen"]
[Date "2001.??.??"]
[Round "7"]
[White "Barlo, Werner"]
[Black "Hoeppner, Hans"]
[Result "1/2-1/2"]
[WhiteElo "1703"]
[BlackElo "1617"]
[Annotator "ChessOrg"]
[PlyCount "94"]
[EventDate "1998.03.05"]
[Source "ChessBase"]
[SourceDate "1998.04.29"]

1. e4 e6 2. c4 Ne7 3. Nc3 Ng6 4. d4 d6 5. Nf3 Nh4 6. Be3 Nd7 7. Nxh4 Qxh4 8. g3
Qd8 9. Bg2 e5 10. O-O Be7 11. Nd5 c6 12. Nxe7 Qxe7 13. Qd2 O-O 14. Rad1 f6 15.
f4 Nb6 16. b3 Bg4 17. Rde1 Rad8 18. h3 Bh5 19. g4 Bg6 20. f5 Bf7 21. g5 Nd7 22.
d5 c5 23. gxf6 Nxf6 24. Bg5 Bh5 25. Kh2 Rd7 26. Re3 Qf7 27. Rg3 Kh8 28. Qe3 Rg8
29. Rg1 Qf8 30. Bh1 Rf7 31. Bxf6 Rxf6 32. Rg5 Qf7 33. Bf3 Bxf3 34. Qxf3 Qe7 35.
Qh5 Qf7 36. Qh4 b6 37. R1g2 a6 38. a4 a5 39. R2g4 Qf8 40. Qg3 Qf7 41. Kg2 Qf8
42. h4 Qf7 43. h5 Qf8 44. Rg6 Qf7 45. Qh4 Qf8 46. R4g5 Qf7 47. Kg3 Qf8 1/2-1/2

[Event "Bad Woerishofen Sen"]
[Site "Bad Woerishofen"]
[Date "2001.??.??"]
[Round "2"]
[White "Bergmeister, E."]
[Black "Schratzenstaller, Andreas"]
[Result "1-0"]
[WhiteElo "1691"]
[BlackElo "1756"]
[Annotator "ChessOrg"]
[PlyCount "104"]
[EventDate "1998.03.05"]
[Source "ChessBase"]
[SourceDate "1998.04.29"]

1. d4 Nf6 2. c4 e5 3. dxe5 Ne4 4. Nf3 Nc6 5. Bf4 Bc5 6. e3 g5 7. Bg3 h5 8. Bd3
Bb4+ 9. Ke2 Nxg3+ 10. hxg3 g4 11. Nd4 Nxe5 12. Nc2 Be7 13. Nc3 d6 14. Nd5 Bd7
15. Nd4 c6 16. Nxe7 Qxe7 17. Nf5 Qf6 18. e4 Bxf5 19. exf5 Nxd3 20. Qxd3 Qxb2+
21. Qd2 Qe5+ 22. Qe3 Qxe3+ 23. Kxe3 Kd7 24. Kf4 f6 25. Rae1 Rae8 26. Rxe8 Kxe8
27. f3 gxf3 28. gxf3 b5 29. cxb5 cxb5 30. Re1+ Kd7 31. Re6 h4 32. gxh4 Rxh4+
33. Kg3 Ra4 34. Rxf6 Rxa2 35. Re6 Rc2 36. Re1 Rc8 37. Kg4 a5 38. f6 Re8 39. Rb1
b4 40. Kf5 Re5+ 41. Kg6 Re3 42. f4 Rg3+ 43. Kf5 Re3 44. Rc1 Rc3 45. Re1 b3 46.
f7 Rc8 47. Kf6 a4 48. Re7+ Kc6 49. Re8 Rc7 50. f8=Q b2 51. Re1 a3 52. Qa8+ Rb7
1-0

[Event "Bad Woerishofen Sen"]
[Site "Bad Woerishofen"]
[Date "2001.??.??"]
[Round "4"]
[White "Bergmeister, E."]
[Black "Wendel, Walter"]
[Result "1-0"]
[WhiteElo "1691"]
[BlackElo "1418"]
[Annotator "ChessOrg"]
[PlyCount "81"]
[EventDate "1998.03.05"]
[Source "ChessBase"]
[SourceDate "1998.04.29"]

1. d4 d5 2. c4 dxc4 3. e4 c5 4. d5 e6 5. Nc3 exd5 6. exd5 Nf6 7. Bxc4 Nbd7 8.
Nf3 Be7 9. d6 Nb6 10. Bb5+ Bd7 11. Bxd7+ Qxd7 12. dxe7 Qxe7+ 13. Qe2 Qxe2+ 14.
Kxe2 O-O-O 15. Rd1 Rde8+ 16. Be3 Nc4 17. b3 Nxe3 18. fxe3 Re7 19. Rd3 Rhe8 20.
h3 a6 21. a4 h6 22. Kf2 Kc7 23. Re1 Re6 24. Nd5+ Nxd5 25. Rxd5 Kc6 26. Rd3 g5
27. Rc1 a5 28. Nd4+ Kb6 29. Nxe6 Rxe6 30. Rcd1 Kc6 31. Ke2 f5 32. Rf1 f4 33.
Kf3 Re4 34. g4 Rb4 35. exf4 Rxf4+ 36. Ke2 Re4+ 37. Re3 Rxe3+ 38. Kxe3 Kd5 39.
Rf6 c4 40. bxc4+ Kxc4 41. Rb6 1-0

[Event "Bad Woerishofen Sen"]
[Site "Bad Woerishofen"]
[Date "2001.??.??"]
[Round "6"]
[White "Bergmeister, E."]
[Black "Marzluf, Dieter"]
[Result "0-1"]
[WhiteElo "1691"]
[BlackElo "1811"]
[Annotator "ChessOrg"]
[PlyCount "100"]
[EventDate "1998.03.05"]
[Source "ChessBase"]
[SourceDate "1998.04.29"]

1. d4 e6 2. e4 d5 3. exd5 exd5 4. Bd3 Nf6 5. Ne2 Bd6 6. Nbc3 c6 7. Bf4 O-O 8.
O-O Re8 9. Bxd6 Qxd6 10. Ng3 Be6 11. Qd2 h6 12. Rae1 Nbd7 13. Nce2 c5 14. c3
Nf8 15. dxc5 Qxc5 16. Nd4 Qb6 17. Re2 Bg4 18. Rxe8 Rxe8 19. h3 Bd7 20. Ngf5
Bxf5 21. Nxf5 Ne4 22. Qc2 Nd7 23. Nd4 Ndc5 24. Be2 Ne6 25. Rd1 Rd8 26. f3 Ng3
27. Kf2 Nxe2 28. Qxe2 Nxd4 29. Rxd4 Kf8 30. Qd2 Ke7 31. Kg3 Qd6+ 32. Qf4 Qxf4+
33. Kxf4 Ke6 34. h4 Rc8 35. g4 g6 36. Ke3 g5 37. hxg5 hxg5 38. f4 gxf4+ 39.
Kxf4 f6 40. Ke3 Ke5 41. Rf4 Rc4 42. Rd4 b5 43. Kd3 Rxd4+ 44. cxd4+ Kf4 45. Kc3
a5 46. b4 a4 47. Kd3 Kxg4 48. Ke3 Kg3 49. Ke2 f5 50. Kf1 Kf3 0-1

[Event "Bad Woerishofen Sen"]
[Site "Bad Woerishofen"]
[Date "2001.??.??"]
[Round "8"]
[White "Bergmeister, E."]
[Black "Hennig, Manfred"]
[Result "1/2-1/2"]
[WhiteElo "1691"]
[BlackElo "1454"]
[Annotator "ChessOrg"]
[PlyCount "53"]
[EventDate "1998.03.05"]
[Source "ChessBase"]
[SourceDate "1998.04.29"]

1. d4 d5 2. c4 c6 3. Nf3 f5 4. e3 Nf6 5. Nc3 e6 6. cxd5 cxd5 7. Ne5 a6 8. Qa4+
Bd7 9. Nxd7 Nbxd7 10. Bd2 Bd6 11. Be2 O-O 12. O-O b5 13. Qb3 Nb6 14. Rfc1 Nc4
15. Be1 Qd7 16. Qc2 Rfc8 17. b3 Nb6 18. Qb2 g5 19. g3 Kf7 20. Nd1 Rg8 21. Ba5
Qb7 22. Rc2 Rac8 23. Rac1 h5 24. Rxc8 Nxc8 25. Qc3 Kg6 26. Qc6 Qa7 27. Bc7
1/2-1/2

[Event "Bad Woerishofen Sen"]
[Site "Bad Woerishofen"]
[Date "2001.??.??"]
[Round "2"]
[White "Bierbach, Utz"]
[Black "Turboust, Roger"]
[Result "1/2-1/2"]
[WhiteElo "2055"]
[BlackElo "1790"]
[Annotator "ChessOrg"]
[PlyCount "103"]
[EventDate "1998.03.05"]
[Source "ChessBase"]
[SourceDate "1998.04.29"]

1. d4 d5 2. c4 e6 3. Nf3 Be7 4. g3 Nf6 5. Bg2 Bb4+ 6. Bd2 Bxd2+ 7. Nbxd2 c6 8.
O-O Nbd7 9. b3 O-O 10. Qc2 Re8 11. Rfe1 e5 12. cxd5 cxd5 13. dxe5 Nxe5 14. Nd4
Bg4 15. N2f3 Rc8 16. Qb2 Qe7 17. Rac1 Nxf3+ 18. Nxf3 Rxc1 19. Qxc1 Qb4 20. e3
Rc8 21. Qb1 Ne4 22. Nd4 Nc3 23. Qa1 Nxa2 24. Bxd5 Nc3 25. Bg2 Nb5 26. Nxb5 Qxb5
27. Qxa7 Qxb3 28. Qxb7 Qc3 29. Qb1 Bf5 30. e4 Bg4 31. h3 Be6 32. Kh2 Ba2 33.
Qb7 Be6 34. Rb1 h5 35. Qa7 h4 36. Rb8 hxg3+ 37. fxg3 Kh7 38. Rxc8 Qxc8 39. Qe3
f6 40. Qf4 Qc4 41. e5 fxe5 42. Qxe5 Qa2 43. g4 Bf7 44. h4 Qf2 45. Qf5+ Qxf5 46.
gxf5 Bg6 47. fxg6+ Kxg6 48. Kg3 Kh6 49. Bd5 Kh7 50. Kg4 g6 51. Kg5 Kg7 52. Be4
1/2-1/2

[Event "Bad Woerishofen Sen"]
[Site "Bad Woerishofen"]
[Date "2001.??.??"]
[Round "4"]
[White "Bierbach, Utz"]
[Black "Kahler, Kurt"]
[Result "1/2-1/2"]
[WhiteElo "2055"]
[BlackElo "1740"]
[Annotator "ChessOrg"]
[PlyCount "64"]
[EventDate "1998.03.05"]
[Source "ChessBase"]
[SourceDate "1998.04.29"]

1. d4 Nf6 2. c4 e5 3. dxe5 Ng4 4. Bf4 Bb4+ 5. Nc3 Bxc3+ 6. bxc3 f6 7. e3 h5 8.
Nf3 g5 9. exf6 Qxf6 10. Bxg5 Qxc3+ 11. Nd2 Rf8 12. Bf4 d6 13. h3 Nf6 14. Rc1
Qa5 15. Qc2 Bf5 16. Bd3 Bxd3 17. Qxd3 Nbd7 18. O-O Ne5 19. Bxe5 Qxe5 20. Qb3
O-O-O 21. Rb1 b6 22. Qa4 Kb8 23. Rb3 Nd7 24. Ra3 a5 25. f4 Qb2 26. Nb3 Nc5 27.
Nxc5 dxc5 28. Qb3 Rd2 29. Qxb2 Rxb2 30. f5 Rc2 31. Rf4 Rg8 32. g4 hxg4 1/2-1/2

[Event "Bad Woerishofen Sen"]
[Site "Bad Woerishofen"]
[Date "2001.??.??"]
[Round "6"]
[White "Bierbach, Utz"]
[Black "Zieroth, Gert"]
[Result "1/2-1/2"]
[WhiteElo "2055"]
[BlackElo "1740"]
[Annotator "ChessOrg"]
[PlyCount "40"]
[EventDate "1998.03.05"]
[Source "ChessBase"]
[SourceDate "1998.04.29"]

1. d4 d5 2. Nf3 Nf6 3. c4 Bf5 4. Nc3 e6 5. g3 c6 6. cxd5 exd5 7. Bg2 Nbd7 8.
O-O Bd6 9. Nh4 Be6 10. Qc2 Rc8 11. Nf5 Bf8 12. Bf4 Nb6 13. b3 a6 14. e4 Bxf5
15. exf5 Be7 16. Rfe1 O-O 17. Re2 Qd7 18. Rae1 Rfe8 19. Bh3 Bb4 20. Rxe8+ Rxe8
1/2-1/2

[Event "Bad Woerishofen Sen"]
[Site "Bad Woerishofen"]
[Date "2001.??.??"]
[Round "8"]
[White "Bierbach, Utz"]
[Black "Niebaum, Karl"]
[Result "1/2-1/2"]
[WhiteElo "2055"]
[BlackElo "1783"]
[Annotator "ChessOrg"]
[PlyCount "46"]
[EventDate "1998.03.05"]
[Source "ChessBase"]
[SourceDate "1998.04.29"]

1. d4 d5 2. Nf3 Nf6 3. c4 c6 4. Nc3 e6 5. e3 Bd6 6. Qc2 O-O 7. Bd3 dxc4 8. Bxc4
Nbd7 9. O-O e5 10. Ng5 exd4 11. exd4 g6 12. g3 Nb6 13. Bd3 Re8 14. Be3 Nfd5 15.
Nxd5 Nxd5 16. Bd2 Bb4 17. Rfe1 Rxe1+ 18. Rxe1 Bxd2 19. Qxd2 Bd7 20. Ne4 Kg7 21.
Nc5 b6 22. Nxd7 Qxd7 23. Bc4 Re8 1/2-1/2

[Event "Bad Woerishofen Sen"]
[Site "Bad Woerishofen"]
[Date "2001.??.??"]
[Round "2"]
[White "Bierwisch, Bernhard"]
[Black "Malik, Heinz"]
[Result "1/2-1/2"]
[WhiteElo "2161"]
[BlackElo "1700"]
[Annotator "ChessOrg"]
[PlyCount "50"]
[EventDate "1998.03.05"]
[Source "ChessBase"]
[SourceDate "1998.04.29"]

1. e4 e5 2. Nf3 Nf6 3. Nc3 Bb4 4. Bc4 d6 5. d3 h6 6. O-O Bg4 7. h3 Bh5 8. g4
Bg6 9. Ne2 Nc6 10. c3 Bc5 11. b4 Bb6 12. Nh4 Bh7 13. Ng2 d5 14. exd5 Nxd5 15.
Qb3 Nce7 16. Be3 c6 17. a4 O-O 18. a5 Bc7 19. Ng3 f5 20. gxf5 Bxf5 21. Nxf5
Nxf5 22. Rae1 Kh8 23. Bxd5 cxd5 24. Qd1 d4 25. cxd4 exd4 1/2-1/2

[Event "Bad Woerishofen Sen"]
[Site "Bad Woerishofen"]
[Date "2001.??.??"]
[Round "3"]
[White "Bierwisch, Bernhard"]
[Black "Disselberger, Alfons"]
[Result "1-0"]
[WhiteElo "2161"]
[BlackElo "1313"]
[Annotator "ChessOrg"]
[PlyCount "59"]
[EventDate "1998.03.05"]
[Source "ChessBase"]
[SourceDate "1998.04.29"]

1. e4 e6 2. d4 d5 3. Nc3 Bb4 4. e5 c5 5. a3 Ba5 6. b4 cxd4 7. Nb5 Bb6 8. Nd6+
Kf8 9. Qf3 Qc7 10. Bd3 Nc6 11. Bf4 Nd8 12. Ne2 a5 13. O-O axb4 14. axb4 Rxa1
15. Rxa1 Nc6 16. Ra8 Na7 17. Bg5 Nh6 18. Bxh6 gxh6 19. Qf6 Rg8 20. Qxh6+ Rg7
21. Qxg7+ Kxg7 22. Ne8+ Kh6 23. Nxc7 Bxc7 24. Rxa7 Bxe5 25. f4 Bf6 26. Ra8 Bd7
27. Rb8 e5 28. Rxb7 e4 29. Rxd7 exd3 30. cxd3 1-0

[Event "Bad Woerishofen Sen"]
[Site "Bad Woerishofen"]
[Date "2001.??.??"]
[Round "6"]
[White "Bierwisch, Bernhard"]
[Black "Hoffmann, Reinhold"]
[Result "1-0"]
[WhiteElo "2161"]
[BlackElo "1880"]
[Annotator "ChessOrg"]
[PlyCount "57"]
[EventDate "1998.03.05"]
[Source "ChessBase"]
[SourceDate "1998.04.29"]

1. e4 d6 2. d4 c6 3. Nf3 g6 4. Be2 Bg7 5. O-O Nf6 6. Nc3 O-O 7. Bg5 h6 8. Bf4
Nbd7 9. Qd2 Kh7 10. Rad1 Qc7 11. h3 a6 12. Rfe1 c5 13. e5 cxd4 14. Qxd4 dxe5
15. Nxe5 Qb6 16. Qxb6 Nxb6 17. Bf3 Ng8 18. Nd5 Nxd5 19. Bxd5 e6 20. Bf3 f6 21.
Nc4 e5 22. Be3 Rb8 23. Bc5 Re8 24. Bd6 Be6 25. Bxb8 Rxb8 26. Nb6 f5 27. Bd5
Bxd5 28. Rxd5 e4 29. c3 1-0

[Event "Bad Woerishofen Sen"]
[Site "Bad Woerishofen"]
[Date "2001.??.??"]
[Round "7"]
[White "Bierwisch, Bernhard"]
[Black "Potthammel, Joerg"]
[Result "1-0"]
[WhiteElo "2161"]
[BlackElo "2094"]
[Annotator "ChessOrg"]
[PlyCount "57"]
[EventDate "1998.03.05"]
[Source "ChessBase"]
[SourceDate "1998.04.29"]

1. e4 e5 2. Nf3 Nc6 3. Bb5 f5 4. Nc3 fxe4 5. Nxe4 d5 6. Ng3 e4 7. Ne5 Qd6 8.
Bxc6+ bxc6 9. d4 c5 10. c3 cxd4 11. Qa4+ Bd7 12. Nxd7 Qxd7 13. Qxd4 Nf6 14. Bg5
Be7 15. Rd1 c6 16. O-O O-O 17. Bxf6 Bxf6 18. Qxe4 Rae8 19. Qd3 Qg4 20. Rde1 Be5
21. Re3 Bf4 22. Qd4 Qh4 23. Rxe8 Rxe8 24. Qxg7+ Kxg7 25. Nf5+ Kf6 26. Nxh4 Re2
27. Rb1 Rc2 28. Nf3 Bc1 29. Nd4 1-0

[Event "Bad Woerishofen Sen"]
[Site "Bad Woerishofen"]
[Date "2001.??.??"]
[Round "9"]
[White "Bierwisch, Bernhard"]
[Black "Weigel, Herbert"]
[Result "0-1"]
[WhiteElo "2161"]
[BlackElo "2153"]
[Annotator "ChessOrg"]
[PlyCount "98"]
[EventDate "1998.03.05"]
[Source "ChessBase"]
[SourceDate "1998.04.29"]

1. e4 e5 2. Nf3 Nc6 3. Bb5 a6 4. Ba4 Nf6 5. Qe2 b5 6. Bb3 Bc5 7. c3 O-O 8. O-O
d5 9. d3 dxe4 10. dxe4 h6 11. Be3 Bxe3 12. Qxe3 Qe7 13. Bd5 Bb7 14. Na3 Rfe8
15. Rfe1 Na5 16. Bxb7 Nxb7 17. Nc2 c5 18. h3 Rac8 19. a4 Nd6 20. axb5 axb5 21.
Nd2 Qb7 22. g4 Qc6 23. f3 Kh7 24. Kh2 Rg8 25. Qf2 Nde8 26. Ra5 Nc7 27. Ne3 g6
28. b3 Rcd8 29. c4 Ra8 30. Raa1 b4 31. Nd5 Qd6 32. Nf1 Nd7 33. Nfe3 Ne6 34. Nc2
Kg7 35. Red1 Nd4 36. Nxd4 exd4+ 37. f4 f6 38. Kg2 Rge8 39. Kf3 g5 40. Qg3 Qe6
41. Qe1 Qd6 42. Qd2 Nf8 43. h4 Ng6 44. hxg5 hxg5 45. Rxa8 Rxa8 46. e5 fxe5 47.
f5 e4+ 48. Kxe4 Qe5+ 49. Kf3 Nh4+ 0-1

[Event "Bad Woerishofen Sen"]
[Site "Bad Woerishofen"]
[Date "2001.??.??"]
[Round "1"]
[White "Block, Herbert"]
[Black "Perk, Egbert"]
[Result "0-1"]
[WhiteElo "1700"]
[BlackElo "2071"]
[Annotator "ChessOrg"]
[PlyCount "58"]
[EventDate "1998.03.05"]
[Source "ChessBase"]
[SourceDate "1998.04.29"]

1. c4 Nf6 2. Nc3 g6 3. d3 Bg7 4. Nf3 d6 5. e4 Nbd7 6. Qc2 c6 7. Be2 a5 8. a4 e5
9. Be3 b6 10. h3 Bb7 11. O-O O-O 12. Nh2 Rc8 13. Qb3 Nc5 14. Qc2 Ne6 15. Ng4
Nxg4 16. Bxg4 f5 17. exf5 gxf5 18. Bf3 Kh8 19. Qb3 Nd4 20. Bxd4 exd4 21. Ne2
Be5 22. Qd1 Rc7 23. Ng3 Rg7 24. Nh5 Rg6 25. Qd2 Qh4 26. Rae1 Rfg8 27. Rxe5 dxe5
28. Ng3 f4 29. Nf5 Qxh3 0-1

[Event "Bad Woerishofen Sen"]
[Site "Bad Woerishofen"]
[Date "2001.??.??"]
[Round "3"]
[White "Block, Herbert"]
[Black "Gruebling, Karl-Heinz"]
[Result "0-1"]
[WhiteElo "1700"]
[BlackElo "1635"]
[Annotator "ChessOrg"]
[PlyCount "88"]
[EventDate "1998.03.05"]
[Source "ChessBase"]
[SourceDate "1998.04.29"]

1. c4 Nf6 2. Nc3 e6 3. e4 Bb4 4. d3 d5 5. a3 Bxc3+ 6. bxc3 dxe4 7. d4 c5 8. Be3
Qa5 9. Qc2 Ng4 10. Ne2 cxd4 11. Nxd4 e5 12. Nb3 Nxe3 13. fxe3 Qb6 14. c5 Qg6
15. Bc4 O-O 16. O-O Be6 17. Bxe6 Qxe6 18. Nd2 f5 19. a4 Nd7 20. Nb3 Rac8 21.
Rab1 Rc7 22. g4 f4 23. h3 Qg6 24. Qd2 f3 25. Qd5+ Kh8 26. Rbd1 Nf6 27. Qxe5
Nxg4 28. Qg3 Nxe3 29. Qxg6 hxg6 30. Rd4 Nxf1 31. Kxf1 e3 32. Re4 e2+ 33. Kf2 b6
34. Re3 bxc5 35. Nd2 Rcf7 36. c4 Kh7 37. Re4 Kh6 38. h4 Rf4 39. Re3 Kh5 40. a5
Kxh4 41. a6 g5 42. Ke1 g4 43. Ne4 Rxe4 44. Rxe4 f2+ 0-1

[Event "Bad Woerishofen Sen"]
[Site "Bad Woerishofen"]
[Date "2001.??.??"]
[Round "5"]
[White "Block, Herbert"]
[Black "Hoeppner, Hans"]
[Result "1/2-1/2"]
[WhiteElo "1700"]
[BlackElo "1617"]
[Annotator "ChessOrg"]
[PlyCount "91"]
[EventDate "1998.03.05"]
[Source "ChessBase"]
[SourceDate "1998.04.29"]

1. c4 e6 2. Nc3 Ne7 3. Nf3 Ng6 4. d4 Nh4 5. e3 d6 6. Nxh4 Qxh4 7. g3 Qd8 8. Bg2
h5 9. h3 Nd7 10. a3 Be7 11. e4 Rb8 12. b4 c5 13. Be3 Bf6 14. Nb5 Nb6 15. Rc1
cxd4 16. Bxd4 e5 17. Be3 Be7 18. Bf3 h4 19. g4 a6 20. Bxb6 Qxb6 21. Nc3 Be6 22.
Nd5 Bxd5 23. exd5 O-O 24. O-O a5 25. b5 Qc5 26. Qd3 b6 27. Be4 Bg5 28. Ra1 Bf4
29. Kg2 Rb7 30. Ra2 Rc7 31. Rc2 Re7 32. Kf3 g6 33. Rg1 g5 34. Bh7+ Kg7 35. Bf5
Rfe8 36. Be4 Qc7 37. Rb1 Qd8 38. Qc3 Rc7 39. Qd3 Ree7 40. Bf5 Rc5 41. Be4 Rec7
42. Bf5 Qf6 43. Re1 Rb7 44. Re4 Rbc7 45. Qd1 Kh6 46. Qe2 1/2-1/2

[Event "Bad Woerishofen Sen"]
[Site "Bad Woerishofen"]
[Date "2001.??.??"]
[Round "8"]
[White "Block, Herbert"]
[Black "Heyse, Juergen"]
[Result "1/2-1/2"]
[WhiteElo "1700"]
[BlackElo "1597"]
[Annotator "ChessOrg"]
[PlyCount "55"]
[EventDate "1998.03.05"]
[Source "ChessBase"]
[SourceDate "1998.04.29"]

1. c4 c5 2. Nf3 Nf6 3. d3 Qc7 4. g3 e6 5. Nc3 a6 6. Bg2 Nc6 7. O-O Be7 8. a3
O-O 9. Qc2 d5 10. cxd5 Nxd5 11. e4 Nxc3 12. bxc3 b6 13. e5 Bb7 14. Bf4 h6 15.
h4 Rfd8 16. Rfd1 Bf8 17. Qc1 Ne7 18. d4 Nf5 19. g4 Bxf3 20. Bxf3 Nxh4 21. Bxa8
Rxa8 22. Qe3 Qc6 23. d5 exd5 24. Qg3 g5 25. Be3 Bg7 26. f4 Rd8 27. f5 Bxe5 28.
Qf2 1/2-1/2

[Event "Bad Woerishofen Sen"]
[Site "Bad Woerishofen"]
[Date "2001.??.??"]
[Round "1"]
[White "Borger, Martin"]
[Black "Moeckel, Edgar"]
[Result "0-1"]
[WhiteElo "1707"]
[BlackElo "2087"]
[Annotator "ChessOrg"]
[PlyCount "108"]
[EventDate "1998.03.05"]
[Source "ChessBase"]
[SourceDate "1998.04.29"]

1. e4 d5 2. exd5 Qxd5 3. Nc3 Qa5 4. d4 c6 5. Nf3 Nf6 6. Bd2 Bf5 7. Ne4 Qc7 8.
Nxf6+ gxf6 9. c4 e6 10. Qc1 Nd7 11. Be2 Rg8 12. Nh4 Bg4 13. Nf3 O-O-O 14. h3
Bxf3 15. Bxf3 Nb6 16. c5 Nd5 17. O-O f5 18. Bxd5 Rxd5 19. Bf4 Qd8 20. Be3 Qh4
21. Kh2 Bg7 22. Rd1 Bf6 23. b4 Bxd4 24. Rb1 Qe4 25. g3 Bxe3 26. Qxe3 Qxe3 27.
fxe3 Rgd8 28. Rxd5 Rxd5 29. Rb2 Rd3 30. Re2 h5 31. Kg2 Kd7 32. Kf3 Ke7 33. Rb2
a6 34. Ke2 Rd5 35. a4 Kf6 36. h4 Ke5 37. Rc2 Kf6 38. Rc4 e5 39. Rc1 e4 40. Rc3
Ke6 41. Rb3 f6 42. Rc3 Ke5 43. Rb3 Ke6 44. Rc3 Rd3 45. Rxd3 exd3+ 46. Kxd3 Kd5
47. Kc3 Ke4 48. Kc4 Kxe3 49. b5 Kf3 50. bxa6 bxa6 51. Kb4 Kxg3 52. Ka5 f4 53.
Kxa6 f3 54. Kb6 f2 0-1

[Event "Bad Woerishofen Sen"]
[Site "Bad Woerishofen"]
[Date "2001.??.??"]
[Round "3"]
[White "Borger, Martin"]
[Black "Gestrich, Wolfgang"]
[Result "1-0"]
[WhiteElo "1707"]
[BlackElo "1594"]
[Annotator "ChessOrg"]
[PlyCount "51"]
[EventDate "1998.03.05"]
[Source "ChessBase"]
[SourceDate "1998.04.29"]

1. e4 d6 2. d4 Nf6 3. Nc3 c6 4. Nf3 Bg4 5. Be2 h6 6. O-O Nbd7 7. Be3 e5 8. dxe5
Nxe5 9. Nxe5 Bxe2 10. Nxf7 Bxd1 11. Nxd8 Bxc2 12. Nxb7 Nxe4 13. Rac1 Nxc3 14.
Rxc2 Nxa2 15. Rxc6 Nb4 16. Rc4 Nd5 17. Rfc1 Nxe3 18. fxe3 g5 19. Rc7 Rg8 20.
R1c6 Rg6 21. b4 Re6 22. Kf2 g4 23. b5 h5 24. Rc8+ Rxc8 25. Rxc8+ Kf7 26. Nd8+
1-0

[Event "Bad Woerishofen Sen"]
[Site "Bad Woerishofen"]
[Date "2001.??.??"]
[Round "5"]
[White "Borger, Martin"]
[Black "Hemmers, Johann"]
[Result "1-0"]
[WhiteElo "1707"]
[BlackElo "1880"]
[Annotator "ChessOrg"]
[PlyCount "55"]
[EventDate "1998.03.05"]
[Source "ChessBase"]
[SourceDate "1998.04.29"]

1. e4 c5 2. Nf3 g6 3. d4 Bg7 4. Nc3 cxd4 5. Nxd4 Nc6 6. Nxc6 bxc6 7. Bd3 d6 8.
O-O Nf6 9. h3 e5 10. Be3 O-O 11. Qe2 d5 12. exd5 cxd5 13. Bc5 Re8 14. Bb5 Bd7
15. Bxd7 Qxd7 16. Rad1 Rab8 17. Ba3 Qc6 18. Rfe1 Rbc8 19. f3 Qb6+ 20. Kh1 Rcd8
21. Qb5 d4 22. Qxb6 axb6 23. Ne4 Nd5 24. Nd6 Re6 25. Nb5 Ne3 26. Rxe3 Rc8 27.
Re2 Rec6 28. c3 1-0

[Event "Bad Woerishofen Sen"]
[Site "Bad Woerishofen"]
[Date "2001.??.??"]
[Round "6"]
[White "Borger, Martin"]
[Black "Dinser, Hans"]
[Result "0-1"]
[WhiteElo "1707"]
[BlackElo "1906"]
[Annotator "ChessOrg"]
[PlyCount "72"]
[EventDate "1998.03.05"]
[Source "ChessBase"]
[SourceDate "1998.04.29"]

1. e4 c5 2. Nf3 d6 3. d4 cxd4 4. Nxd4 Nf6 5. Nc3 a6 6. h3 e5 7. Nf3 b5 8. Bg5
Bb7 9. Bxf6 Qxf6 10. Nd5 Qd8 11. Qd2 Nd7 12. b4 Nb6 13. Rc1 Bxd5 14. exd5 Rc8
15. Ng5 Be7 16. Ne4 f5 17. Ng3 O-O 18. Qd1 Bg5 19. Rb1 Qc7 20. c4 Nxc4 21. Bxc4
Qxc4 22. Ne2 Qc2 23. O-O Qxd1 24. Rfxd1 Rc2 25. Nc1 Rfc8 26. Nb3 Rxa2 27. Na5
Rcc2 28. Rf1 Kf7 29. Nc6 Bf6 30. Rbd1 e4 31. Rde1 Rd2 32. g4 g6 33. gxf5 gxf5
34. Rd1 e3 35. Rxd2 exd2 36. Rd1 Ra1 0-1

[Event "Bad Woerishofen Sen"]
[Site "Bad Woerishofen"]
[Date "2001.??.??"]
[Round "8"]
[White "Borger, Martin"]
[Black "Wegener, Hans-Karl"]
[Result "1/2-1/2"]
[WhiteElo "1707"]
[BlackElo "2089"]
[Annotator "ChessOrg"]
[PlyCount "44"]
[EventDate "1998.03.05"]
[Source "ChessBase"]
[SourceDate "1998.04.29"]

1. e4 d5 2. exd5 Nf6 3. Nf3 Nxd5 4. d4 g6 5. Be2 Bg7 6. c4 Nb6 7. h3 O-O 8. O-O
Nc6 9. d5 Ne5 10. Nxe5 Bxe5 11. Nc3 c6 12. Bh6 Re8 13. Qb3 e6 14. dxc6 Qh4 15.
Be3 bxc6 16. Rad1 Ba6 17. f4 Bc7 18. Ne4 Rad8 19. Nc5 Bc8 20. Rf3 Rxd1+ 21.
Qxd1 Rd8 22. Qc1 Qe7 1/2-1/2

[Event "Bad Woerishofen Sen"]
[Site "Bad Woerishofen"]
[Date "2001.??.??"]
[Round "2"]
[White "Buchner, Matthias"]
[Black "Schwenke, Norbert"]
[Result "1/2-1/2"]
[WhiteElo "1700"]
[BlackElo "1578"]
[Annotator "ChessOrg"]
[PlyCount "39"]
[EventDate "1998.03.05"]
[Source "ChessBase"]
[SourceDate "1998.04.29"]

1. e4 d5 2. exd5 Nf6 3. Nc3 c6 4. d4 Nxd5 5. Bd2 Bf5 6. Nf3 Nd7 7. Be2 e6 8.
O-O Bd6 9. Nxd5 cxd5 10. c3 a6 11. a3 O-O 12. h3 Qc7 13. Rc1 b5 14. Be3 Nf6 15.
Bd3 Bxd3 16. Qxd3 Qc4 17. Rfd1 Ne4 18. Qb1 Rfc8 19. Nd2 Nxd2 20. Rxd2 1/2-1/2